Záväzky v účtovníctve konkrétnej účtovnej jednotky bakalárska práca

Gespeichert in:
Bibliographische Detailangaben
1. Verfasser: Kešiar, Marián
Körperschaft: Fakulta hospodárskej informatiky EU. Katedra účtovníctva a audítorstva
Weitere Verfasser: Tkáčová, Lenka
Format: Buch
Sprache:Slowakisch
Veröffentlicht: Bratislava 2013
Tags: Tag hinzufügen
Keine Tags, Fügen Sie das erste Tag hinzu!

MARC

LEADER 00000nbm a2200000 4500
001 0194530
005 20170314104909.8
041 0 |a slo 
044 |a SK 
245 1 0 |a Záväzky v účtovníctve konkrétnej účtovnej jednotky  |b bakalárska práca  |c Marián Kešiar ; školiteľ: Lenka Tkáčová 
264 1 |a Bratislava  |c 2013 
300 |a 40 s. 
100 1 |a Kešiar, Marián 
700 1 |a Tkáčová, Lenka 
710 2 |a Fakulta hospodárskej informatiky EU. Katedra účtovníctva a audítorstva